| Поле | Название | Значение |
| |
Тип записи |
a |
| |
Библиографический уровень |
c |
| 001 |
Контрольный номер |
RU/ГПНТБ России/IBIS/78.3/И 907-105588759 |
| 005 |
Дата корректировки |
20260618094129.5 |
| 010 |
Индекс ISBN |
__ |
| a |
ISBN |
978-5-7510-0914-4 |
| b |
Уточнения |
в пер. |
| 9 |
Тираж |
300 экз. |
| 100 |
Данные общей обработки |
__ |
| a |
Данные общей обработки |
20260617d2024 mk y0rusy028902 ca |
| 101 |
Язык документа |
0_ |
| a |
Язык текста |
rus |
| d |
Язык резюме |
eng |
| 102 |
Страна публикации |
__ |
| a |
Страна публикации |
RU |
| 105 |
Кодированные данные (монография) |
__ |
| a |
Кодированные данные (монография) |
y z 100yy |
| 181 |
Поле кодированных данных: вид содержания |
_0 |
| a |
Код вида содержания (ISBD) |
i |
| 182 |
Поле кодированных данных: тип средства |
_0 |
| a |
Код типа средства (ISBD) |
n |
| 200 |
Заглавие и сведения об ответственности |
1_ |
| a |
Заглавие |
История библиотек: новые подходы, методы, источники, результаты |
| e |
Сведения, относящиеся к заглавию |
материалы Международной научно-практической конференции (23-24 мая 2023 г.) |
| f |
Первые сведения об ответственности |
составители: И. П. Тикунова, М. В. Нерюева |
| 203 |
Вид содержания и тип средства |
__ |
| c |
Тип средства |
непосредственный |
| a |
Вид содержания |
Текст |
| 210 |
Выходные данные |
1_ |
| a |
Место издания |
Москва |
| c |
Издательство |
Пашков дом |
| d |
Дата издания |
2024 |
| 215 |
Физическое описание |
__ |
| a |
Объем |
410, [1] с. |
| d |
Формат |
22 см |
| 320 |
Библиография |
__ |
| a |
Библиография |
Библиография в конце статей |
| 320 |
Библиография |
__ |
| a |
Библиография |
Указатель библиотечных организаций, упоминаемых в статьях: с. 379-[384] |
| 320 |
Библиография |
__ |
| a |
Библиография |
Указатель имен лиц, упоминаемых в статьях: с. 385-[404] |
| 330 |
Аннотация |
__ |
| a |
Аннотация |
В сборнике опубликованы материалы (доклады и сообщения) Международной научно-практической конференции, организованной Российской государственной библиотекой в партнерстве с Российской библиотечной ассоциацией. В докладах конференции были рассмотрены теоретические и методологические основания истории библиотек как междисциплинарного научного направления; представлен опыт и результаты исследований библиотечной истории, проводимых как крупнейшими библиотеками — центрами библиотечной науки, так и другими библиотеками государств — участников СНГ. |
| 464 |
Аналитический уровень |
_0 |
| 1 |
|
2001 |
| a |
|
Источниковая база историко-библиографических исследований библиотек с "неглубокой" историей: из опыта Белоруской сельскохозяйственной библиотеки |
| f |
|
Бабарико-Омельченко В. Б., Жук В. Н., Морозов В. Н. |
| 1 |
|
700 1 |
| a |
|
Бабарико-Омельченко |
| b |
|
В. Б. |
| 4 |
|
070 |
| 464 |
Аналитический уровень |
_0 |
| 1 |
|
2001 |
| a |
|
Исторический опыт текущей рекомендательной библиографии художественной литературы и литературы по искусству в ГБЛ/РГБ |
| f |
|
Бабичева М. Е. |
| 1 |
|
700 1 |
| a |
|
Бабичева |
| b |
|
М. Е. |
| 4 |
|
070 |
| 464 |
Аналитический уровень |
_0 |
| 1 |
|
2001 |
| a |
|
Новое об источниках формирования рукописного собрания академика М. Н. Тихомирова |
| f |
|
Бородихин А. Ю., Подопригора В. В. |
| 1 |
|
700 1 |
| a |
|
Бородихин |
| b |
|
А. Ю. |
| 4 |
|
070 |
| 464 |
Аналитический уровень |
_0 |
| 1 |
|
2001 |
| a |
|
Библиотечный архив как исследовательская лаборатория |
| f |
|
Ведь Е. А. |
| 1 |
|
700 1 |
| a |
|
Ведь |
| b |
|
Е. А. |
| 4 |
|
070 |
| 464 |
Аналитический уровень |
_0 |
| 1 |
|
2001 |
| a |
|
Современные исследования библиотек Южного Урала |
| f |
|
Гушул Ю. В. |
| 1 |
|
700 1 |
| a |
|
Гушул |
| b |
|
Ю. В. |
| 4 |
|
070 |
| 464 |
Аналитический уровень |
_0 |
| 1 |
|
2001 |
| a |
|
Псковская областная универсальная научная библиотека |
| f |
|
Королева И. С. |
| 1 |
|
700 1 |
| a |
|
Королева |
| b |
|
И. С. |
| 4 |
|
070 |
| 464 |
Аналитический уровень |
_0 |
| 1 |
|
2001 |
| a |
|
Музей библиотеки как исследовательская лаборатория |
| f |
|
Маркова Т. Б. |
| 1 |
|
700 1 |
| a |
|
Маркова |
| b |
|
Т. Б. |
| 4 |
|
070 |
| 464 |
Аналитический уровень |
_0 |
| 1 |
|
2001 |
| a |
|
История сочинской библиотеки имени А. С. Пушкина в дореволюционный период |
| f |
|
Машанова Ю. И. |
| 1 |
|
700 1 |
| a |
|
Машанова |
| b |
|
Ю. И. |
| 4 |
|
070 |
| 464 |
Аналитический уровень |
_0 |
| 1 |
|
2001 |
| a |
|
Книжный фонд библиотеки несвижского Дома третьей пробации и новициата |
| f |
|
Полунченко О. Н. |
| 1 |
|
700 1 |
| a |
|
Полунченко |
| b |
|
О. Н. |
| 4 |
|
070 |
| 464 |
Аналитический уровень |
_0 |
| 1 |
|
2001 |
| a |
|
История библиотеки Черкесова |
| f |
|
Шубина Е. И. |
| 1 |
|
700 1 |
| a |
|
Шубина |
| b |
|
Е. И. |
| 4 |
|
070 |
| 601 |
Наименование организации как предмет |
00 |
| 2 |
Код системы |
nlr_sh |
| a |
Наименование организации как предмет |
"История библиотек: новые подходы, методы, источники, результаты", международная научно-практическая конференция |
| e |
Место проведения временной организации |
Москва |
| f |
Даты |
2023 |
| 606 |
Тематические рубрики |
__ |
| a |
Основная рубрика |
Библиотечное дело |
| 2 |
Код системы |
nlr_sh |
| 606 |
Тематические рубрики |
__ |
| 2 |
Код системы |
nlr_sh |
| a |
Основная рубрика |
История библиотечного дела |
| 610 |
Ключевые слова |
0_ |
| a |
Ключевые слова |
история библиотек |
| 610 |
Ключевые слова |
0_ |
| a |
Ключевые слова |
библиотечное дело |
| 610 |
Ключевые слова |
0_ |
| a |
Ключевые слова |
источниковедение |
| 610 |
Ключевые слова |
0_ |
| a |
Ключевые слова |
библиография |
| 610 |
Ключевые слова |
0_ |
| a |
Ключевые слова |
библиотечные архивы |
| 610 |
Ключевые слова |
0_ |
| a |
Ключевые слова |
библиотечные музеи |
| 610 |
Ключевые слова |
0_ |
| a |
Ключевые слова |
библиотечные выставки |
| 610 |
Ключевые слова |
0_ |
| a |
Ключевые слова |
региональные библиотеки |
| 610 |
Ключевые слова |
0_ |
| a |
Ключевые слова |
библиотечные кадры |
| 610 |
Ключевые слова |
0_ |
| a |
Ключевые слова |
библиотечное обслуживание |
| 610 |
Ключевые слова |
0_ |
| a |
Ключевые слова |
сельские библиотеки |
| 610 |
Ключевые слова |
0_ |
| a |
Ключевые слова |
библиотечные фонды |
| 610 |
Ключевые слова |
0_ |
| a |
Ключевые слова |
библиотечные коллекции |
| 686 |
Индексы других классификаций |
__ |
| 2 |
Код системы |
rubbks |
| a |
Классификационный индекс |
78.33 |
| 702 |
Вторичная интеллектуальная ответственность |
_1 |
| a |
Фамилия |
Тикунова |
| b |
Имя |
И. П. |
| g |
Полное личное имя |
Ирина Петровна |
| 4 |
Код отношения |
220 |
| 702 |
Вторичная интеллектуальная ответственность |
_1 |
| a |
Фамилия |
Нерюева |
| b |
Имя |
М. В. |
| g |
Полное личное имя |
Марина Владимировна |
| 4 |
Код отношения |
220 |
| 712 |
Наименование организации (Вторичная ответственность) |
01 |
| a |
Организация/ юрисдикция |
Российская Федерация |
| b |
Другие уровни |
Министерство культуры |
| 712 |
Наименование организации (Вторичная ответственность) |
02 |
| a |
Организация/ юрисдикция |
Российская государственная библиотека |
| c |
Место постоянной организации |
Москва |
| 712 |
Наименование организации (Вторичная ответственность) |
00 |
| a |
Организация/ юрисдикция |
"История библиотек: новые подходы, методы, источники, результаты", международная научно-практическая конференция |
| e |
Место проведения временной организации |
Москва |
| f |
Дата проведения |
2023 |
| 801 |
Источник записи |
_0 |
| b |
Организация |
ГПНТБ России |
| a |
Страна |
RU |
| c |
Дата составления |
20260617 |
| g |
Правила каталогизации |
PSBO |
| 801 |
Источник записи |
_1 |
| b |
Организация |
ГПНТБ России |
| a |
Страна |
RU |
| c |
Дата составления |
20260617 |
| g |
Правила каталогизации |
PSBO |
| 852 |
Данные о местонахождении |
5_ |
| j |
Шифр хранения |
78.33 |
| i |
Авторский знак |
И 90 |
| 901 |
Тип документа |
__ |
| a |
Ответственный |
КиК/Обаева |
| t |
Тип документа |
x |
| 901 |
Тип документа |
__ |
| a |
Ответственный |
без партии |
| 903 |
Характеристики (МАРС) |
__ |
| a |
Дата передачи |
20260617 |
| c |
Наименование библиотеки (МАРС) |
Муниципальное бюджетное учреждение культуры "Централизованная библиотечная система" г. Сургут (Центральная городская библиотека им. А. С. Пушкина) |
| 969 |
Тип издания |
__ |
| a |
Тип издания |
Ф 26 |
| a |
Тип издания |
научное издание |